Why hasn't he proposed? : (Record no. 29316)

MARC details
000 -LEADER
fixed length control field 01161nam a2200313 a 4500
005 - DATE AND TIME OF LATEST TRANSACTION
control field 20090820111346.0
008 - FIXED-LENGTH DATA ELEMENTS--GENERAL INFORMATION
fixed length control field 081002s2009 nyu b 001 0 eng
010 ## - LCCN (DPL NO)
LC control number ENG-94752
020 ## - INTERNATIONAL STANDARD BOOK NUMBER
International Standard Book Number 9780070147577
Terms of availability 350.00
020 ## - INTERNATIONAL STANDARD BOOK NUMBER
International Standard Book Number 0070147574
Terms of availability 350.00
035 ## - SYSTEM CONTROL NUMBER
System control number EN-78285
037 ## - SOURCE OF ACQUISITION
Source of stock number/acquisition DBAD / PUB
040 ## - CATALOGING SOURCE
Original cataloging agency dpl
Language of cataloging English
082 ## - DEWEY DECIMAL CLASSIFICATION NUMBER
Classification number 646.77082
100 ## - MAIN ENTRY--PERSONAL NAME
Personal name Titus, Matt
245 ## - TITLE STATEMENT
Title Why hasn't he proposed? :
Remainder of title go from the first date to setting the date /
Statement of responsibility, etc by Matt Titus [and] Tamsen Fadal
260 ## - PUBLICATION, DISTRIBUTION, ETC. (IMPRINT)
Place of publication, distribution, etc New Delhi
Name of publisher, distributor, etc Tata McGraw-Hill Education
Date of publication, distribution, etc 2009
270 ## - ADDRESS
Address 7 West Patel Nagar
City New Delhi
Postal code 110008
300 ## - PHYSICAL DESCRIPTION
Extent xvii, 204p.
Dimensions 21cm(pbk)
500 ## - GENERAL NOTE
General note Includes bibliographical references and index.
650 ## - SUBJECT ADDED ENTRY--TOPICAL TERM
Topical term or geographic name as entry element Man-woman relationships.
650 ## - SUBJECT ADDED ENTRY--TOPICAL TERM
Topical term or geographic name as entry element Men
General subdivision Psychology.
650 ## - SUBJECT ADDED ENTRY--TOPICAL TERM
Topical term or geographic name as entry element Women
General subdivision Psychology.
650 ## - SUBJECT ADDED ENTRY--TOPICAL TERM
Topical term or geographic name as entry element Dating (Social customs)
650 ## - SUBJECT ADDED ENTRY--TOPICAL TERM
Topical term or geographic name as entry element Betrothal.
700 ## - ADDED ENTRY--PERSONAL NAME
Personal name Fadal, Tamsen
942 ## - ADDED ENTRY ELEMENTS (KOHA)
Source of classification or shelving scheme Dewey Decimal Classification
Item type English Books
Classification part 646.77082
Call number suffix TIT
Holdings
Withdrawn status Lost status Source of classification or shelving scheme Damaged status Not for loan Collection code Home library Current library Date acquired Source of acquisition Cost, normal purchase price Total Checkouts Full call number Barcode Date last seen Copy number Cost, replacement price Koha item type
    Dewey Decimal Classification   Not For Loan Non-fiction D.B.Act.Division D.B.Act.Division 20/08/2009 DBAD / PUB 350.00   646.77082 TIT EN-78285 20/08/2009 1 350.00 English Books

© Delhi Public Library
Hit Counter
free hit counter